00550 2200217 4500001002100000005001700021008004100038035002400079082001100103090001800114100001800132245004500150260002800195300002500223650002100248850001500269980001300284985000600297986001400303999001500317YOGYA-0209000001057620090227022043.0 ind  0010-020900000010576 a338.17 a338.17bSis K aSISWOPUTRANTO aKomoditi Ekspor IndonesiacSiswoputranto aJakartabGramediac1997 a310 hlmbilusc20 cm aEkspor, komoditi aYOPDDYI(B) a19-07-05 a1 aMARrthrev aP000004398